000 01098cam a22003257a 4500
003 CHAP
005 20220329142242.0
008 000328d1989 it rn 00110 eng d
010 _a80580
011 _a81552
020 _a9250028148
035 _a92024
040 _cCHAP
082 1 0 _a639.2
_bF46 v.413
110 2 _aFAO. General Fisheries Council for the Mediterranean
_939568
245 1 0 _aReport of the GFCM technical consultation on Red Coral of the Mediterranean (2o)
_c/by FAO
260 _aRome :
_bFAO,
_c1989.
300 _a162 p. :
490 0 _aFAO. Informe de pesca
_v; 413
500 _aEdición bilingue (francés, inglés)
590 _aBATCH-UPD
_b10
_c20130110
_lUCH01
_h1043
590 _aCONVERSION
_b10
_c20130109
_lUCH01
_h1345
650 1 4 _aCorales.
_927917
830 0 _aFAO. Informe de pesca
_v; 413
_939587
901 _aBK
905 _aPatricia Mendoza P.
942 _cLIBRO
949 _a639.2 F46 v.413
_bBC
_cFAO
_d33724000770418
_eFAO1
_gDonaciØn
_h75107
_i92024
_sb
949 _a639.2 F46 v.413
_bBC
_cFAO
_d33724000770426
_eFAO2
_fc.2
_gDonaciØn
_h76131
_i92024
_sb
999 _c80580
_d80580